| 000 | 00499nam a2200181Ia 4500 | ||
|---|---|---|---|
| 008 | 240925s9999 xx 000 0 und d | ||
| 020 | _a9780470670231 | ||
| 082 | _a610.285 DON | ||
| 100 | _aDonnelly, Peter ; Benson, Joel | ||
| 245 | 0 | _aHow to Succeed at E-Learning | |
| 250 | _aNA | ||
| 260 |
_aNew York: _bJohn Wiley& Sons _c,2012. |
||
| 300 |
_axxi,202p. _b0 _fOriginal |
||
| 500 | _aIncludes Index | ||
| 600 | _aHumanities & Natural Science | ||
| 650 | _aMedicine and health | ||
| 942 | _cBK | ||
| 999 |
_c14997 _d14997 |
||